000 00440nam a2200181Ia 4500
001 13164
005 20260306163033.0
008 260306t2001||||xx |||||||||||||| ||spa||
041 _aESP
082 _a001.4
_bH78
100 _aHouse, Ernest R.
_eAUT
245 0 _aValores en evaluación e investigación social
260 _c2001
300 _a198 páginas :
_c21 cm.
650 _aGEN
654 _aCHU
942 _cLIB
_dJUS
_fJUS
_2ddc
_n
999 _c13164
_d13164